[Event "End"]
[Site "SchemingMind.com"]
[Date "2016.04.09"]
[Round "-"]
[White "kenneth m day"]
[Black "Wojtek26"]
[Result "1-0"]
[WhiteCountry "USA"]
[BlackCountry "POL"]
[WhiteElo "1699"]
[WhiteRD "51"]
[BlackElo "1571"]
[BlackRD "49"]
[GameID "397820"]

1. e4 e5 2. f4 exf4 3. Nf3 d6 4. d4 Bg4 5. Bxf4 Nf6 6. Nc3 g6 7. Be2 Bg7 8. Qd2 O-O 9. O-O-O Nc6 10. h3 Bd7
11. g4 a5 12. Bh6 a4 13. a3 Na7 14. Qg5 c6 15. e5 Bxh6 16. Qxh6 Nd5 17. Nxd5 dxe5 18. Ng5
1-0

[Event "End"]
[Site "SchemingMind.com"]
[Date "2016.04.08"]
[Round "-"]
[White "Wojtek26"]
[Black "kenneth m day"]
[Result "1-0"]
[WhiteCountry "POL"]
[BlackCountry "USA"]
[WhiteElo "1588"]
[WhiteRD "51"]
[BlackElo "1705"]
[BlackRD "53"]
[GameID "397821"]

1. d4 d5 2. c4 e6 3. e3 Nf6 4. Nf3 Nc6 5. Be2 Be7 6. O-O O-O 7. cxd5 exd5 8. a3 Bf5 9. b4 Re8 10. Bb2 Bd6
11. Bb5 Bd7 12. Qc2 a6 13. Ba4 b5 14. Bb3 Be6 15. Nbd2 Ne7 16. Ne5 Nd7 17. Nxd7 Qxd7 18. a4 Bxb4 19. Nf3 Bf5 20. Qd1 Qd6
21. Rc1 Rec8 22. Ne5 f6 23. Nf3 bxa4 24. Bxa4 Rab8 25. Bc3 a5 26. Nh4 Be6 27. Re1 Nf5 28. Nf3 Bd7 29. h3 Bxa4 30. Qxa4 Qb6
31. Qd7 Nd6 32. Rb1 Qb5 33. Qe6+ Kh8 34. h4 Qc4 35. Bxb4 axb4 36. Rec1 Qb5 37. Rc5 Qe8 38. Qxd5 Qd7 39. Nd2 Qg4 40. Rbc1 Qd7
41. Ne4 b3 42. Nxd6 Qxd6 43. Qxd6 b2 44. Qe7 bxc1=Q+ 45. Rxc1 h6 46. Rxc7 Rxc7 47. Qxc7 Rb1+ 48. Kh2
1-0

[Event "End"]
[Site "SchemingMind.com"]
[Date "2016.04.11"]
[Round "-"]
[White "fouche"]
[Black "JAHI"]
[Result "0-1"]
[WhiteCountry "COL"]
[BlackCountry "INT"]
[WhiteElo "1605"]
[WhiteRD "62"]
[BlackElo "2113"]
[BlackRD "56"]
[GameID "397901"]

1. f4 g6 2. Nf3 Bg7 3. e3 f6 4. Be2 f5 5. O-O e6 6. Nc3 Nf6 7. h3 b6 8. b3 Bb7 9. Bb2 a6 10. d3 Qe7
11. Ne5 d6 12. Nf3 Nbd7 13. Rb1 e5 14. fxe5 dxe5 15. d4 Bh6 16. dxe5 Nxe5 17. Nxe5 Qxe5 18. Nb5 Bxe3+ 19. Kh1 Qg3 20. Bf3 Bf4
21. Re1+ Ne4 22. Kg1 Rf8 23. Na3 Rd8 24. Bd4 Kf7 25. Qd3 Qh2+ 26. Kf1 Nd2+
0-1

[Event "End"]
[Site "SchemingMind.com"]
[Date "2016.04.11"]
[Round "-"]
[White "JAHI"]
[Black "fouche"]
[Result "1-0"]
[WhiteCountry "INT"]
[BlackCountry "COL"]
[WhiteElo "2074"]
[WhiteRD "58"]
[BlackElo "1586"]
[BlackRD "62"]
[GameID "397902"]

1. g3 Nf6 2. Bg2 g6 3. f3 Bg7 4. f4 d6 5. e3 O-O 6. e4 Nc6 7. d3 Bd7 8. Nf3 Rb8 9. c3 e5 10. Be3 exf4
11. gxf4 Re8 12. Qe2 Ng4 13. Nbd2 Nxe3 14. Qxe3 f5 15. Rg1 fxe4 16. dxe4 g5 17. Nxg5 h6 18. Nh3 Qh4+ 19. Qf2 Qxf2+ 20. Nxf2 Bf5
21. Bf3 d5 22. e5 Rbd8 23. Rg3 Kh7 24. Be2 d4 25. Bd3 Bxd3 26. Nxd3 dxc3 27. bxc3 Ne7 28. Ke2 Nf5 29. Rgg1 b6 30. Ne4 a5
31. Rg4 c6 32. Rd1 b5 33. Rdg1 Re7 34. Rg6 Rc8 35. Ndc5 b4 36. Ne6 Bxe5 37. fxe5 bxc3 38. Nf6+
1-0

[Event "End"]
[Site "SchemingMind.com"]
[Date "2016.04.11"]
[Round "-"]
[White "emvarela"]
[Black "JAHI"]
[Result "0-1"]
[WhiteCountry "ARG"]
[BlackCountry "INT"]
[WhiteElo "1693"]
[WhiteRD "50"]
[BlackElo "2086"]
[BlackRD "64"]
[GameID "397903"]

1. e4 g6 2. d4 Bg7 3. c4 e6 4. Nc3 d6 5. Nf3 e5 6. dxe5 dxe5 7. Qxd8+ Kxd8 8. Be2 h6 9. Be3 Be6 10. Rd1+ Kc8
11. O-O Nc6 12. a3 Nf6 13. b4 a6 14. Nd2 Nd4 15. Bxd4 exd4 16. Nd5 Re8 17. Bf3 Bd7 18. Nxf6 Bxf6 19. Nb3 a5 20. Nxd4 axb4
21. axb4 Ra4 22. Nc2 Bc3 23. Rb1 Be6 24. Ne3 Rxb4 25. Rxb4 Bxb4 26. Ra1 Bc5 27. Ra8+ Kd7 28. Rxe8 Kxe8 29. Nd5 Kd7 30. Kf1 Bd4
31. h3 c6 32. Ne3 Bxe3 33. fxe3 Bxc4+ 34. Ke1 Ke6 35. Kd2 Ke5 36. Kc3 Bf1 37. h4 b6 38. g3 c5 39. g4 g5 40. hxg5 hxg5
41. Kb3 b5 42. Kc3 b4+ 43. Kb3 f6 44. Kc2 c4 45. Kb2 Bd3 46. Kc1 c3
0-1

[Event "End"]
[Site "SchemingMind.com"]
[Date "2016.04.10"]
[Round "-"]
[White "JAHI"]
[Black "emvarela"]
[Result "1-0"]
[WhiteCountry "INT"]
[BlackCountry "ARG"]
[WhiteElo "2077"]
[WhiteRD "59"]
[BlackElo "1695"]
[BlackRD "48"]
[GameID "397904"]

1. g3 Nf6 2. Bg2 g6 3. f3 Bg7 4. f4 d6 5. Nf3 O-O 6. c3 c5 7. a3 Nc6 8. a4 Qc7 9. b3 e5 10. Na3 a6
11. Nc2 exf4 12. gxf4 Bd7 13. Ba3 b5 14. Rc1 bxa4 15. bxa4 Rab8 16. Ne3 Ne7 17. Nh4 Bc6 18. Bxc6 Qxc6 19. Nhg2 Rb7 20. Qc2 Ned5
21. Rf1 Nxe3 22. Nxe3 Rfb8 23. Rf3 Rb3 24. Ra1 Qxa4 25. Ra2 Rb1+ 26. Nd1 Qxc2 27. Rxc2 h5 28. d3 Nd5 29. Kd2 Bh6 30. e3 R1b7
31. Ra2 g5 32. fxg5 Bxg5 33. Rf5 f6 34. Rxd5 Rb6 35. Nb2 Re8 36. Nc4 Rc6 37. Bc1 Kg7 38. Kd1 Kg6 39. Rg2 f5 40. e4
1-0

[Event "End"]
[Site "SchemingMind.com"]
[Date "2016.04.10"]
[Round "-"]
[White "Phillip Beckett"]
[Black "JAHI"]
[Result "0-1"]
[WhiteCountry "ENG"]
[BlackCountry "INT"]
[WhiteElo "1556"]
[WhiteRD "49"]
[BlackElo "2113"]
[BlackRD "56"]
[GameID "397905"]

1. e4 g6 2. d4 Bg7 3. Nf3 d6 4. Nc3 e6 5. Be2 d5 6. exd5 exd5 7. O-O b6 8. Bb5+ c6 9. Re1+ Ne7 10. Bd3 Qc7
11. Bg5 Be6 12. Bxe7 Qxe7 13. Ne5 Qd6 14. Qf3 Bxe5 15. dxe5 Qc7 16. Qf6 Rf8 17. Ne2 Nd7 18. Qg7 Qxe5 19. Qxe5 Nxe5 20. Nf4 Nxd3
21. Nxd3 Kd7 22. Ne5+ Kc7 23. Rad1 Rae8 24. f4 Bf5 25. c3 f6 26. Nf3 Be4 27. Nd2 Bc2 28. Rc1 Bd3 29. Nf3 Kd6 30. Rxe8 Rxe8
31. Re1 Rxe1+ 32. Nxe1 Bb1 33. a3 Be4 34. Kf2 Kc5 35. g3 Kc4 36. Ke3 Kb3 37. Nd3 Bxd3 38. Kxd3 b5 39. Kd4 Kxb2 40. Kc5 Kxc3
41. Kxc6 d4
0-1

[Event "End"]
[Site "SchemingMind.com"]
[Date "2016.04.10"]
[Round "-"]
[White "JAHI"]
[Black "Phillip Beckett"]
[Result "1-0"]
[WhiteCountry "INT"]
[BlackCountry "ENG"]
[WhiteElo "2113"]
[WhiteRD "56"]
[BlackElo "1556"]
[BlackRD "49"]
[GameID "397906"]

1. g3 Nf6 2. Bg2 g6 3. f3 Bg7 4. f4 O-O 5. e3 d6 6. e4 Nbd7 7. d3 e5 8. f5 c6 9. g4 Nc5 10. h3 d5
11. Be3 d4 12. Bf2 Na6 13. Nd2 c5 14. g5 Nh5 15. f6 Bxf6 16. gxf6 Qxf6 17. Ne2 Nf4 18. Nxf4 Qxf4 19. a3 f5 20. Qf3 fxe4
21. Qxf4 exf4 22. Bxe4 Bf5 23. Bxb7 Rab8 24. Bxa6 Rxb2 25. Bc4+ Kg7 26. Kd1 Rfb8 27. Nb3 a5 28. Nxc5 Rb1+ 29. Kd2 Rxh1 30. Bxd4+ Kh6
31. Rxh1
1-0

[Event "End"]
[Site "SchemingMind.com"]
[Date "2016.04.10"]
[Round "-"]
[White "Scooter"]
[Black "JAHI"]
[Result "0-1"]
[WhiteCountry "USA"]
[BlackCountry "INT"]
[WhiteElo "1710"]
[WhiteRD "48"]
[BlackElo "2089"]
[BlackRD "54"]
[GameID "397907"]

1. d4 g6 2. Nf3 Bg7 3. Bf4 f6 4. e3 f5 5. Be2 e6 6. O-O d6 7. Nbd2 Qe7 8. h3 e5 9. dxe5 dxe5 10. Bg5 Nf6
11. Nc4 Nc6 12. b3 h6 13. Bxf6 Qxf6 14. Ncd2 e4 15. Nh2 Qxa1 16. Qxa1 Bxa1
0-1

[Event "End"]
[Site "SchemingMind.com"]
[Date "2016.04.10"]
[Round "-"]
[White "JAHI"]
[Black "Scooter"]
[Result "1-0"]
[WhiteCountry "INT"]
[BlackCountry "USA"]
[WhiteElo "2113"]
[WhiteRD "56"]
[BlackElo "1731"]
[BlackRD "47"]
[GameID "397908"]

1. g3 Nf6 2. Bg2 g6 3. f3 Bg7 4. f4 O-O 5. e3 c6 6. e4 d6 7. d3 Bg4 8. Bf3 Bxf3 9. Qxf3 Nbd7 10. Ne2 e5
11. f5 d5 12. g4 dxe4 13. dxe4 Nc5 14. Nbc3 Qc7 15. Be3 Qa5 16. Bxc5 Qxc5 17. g5 Nh5 18. f6 Bh8 19. h3 Rfd8 20. Qf2 Qxf2+
21. Kxf2 Rd2 22. Rac1 Nf4 23. Ke3 Rad8 24. Nxf4 exf4+ 25. Kxf4 Rf2+ 26. Ke3 Rdd2 27. Rcd1
1-0

[Event "End"]
[Site "SchemingMind.com"]
[Date "2016.04.10"]
[Round "-"]
[White "kenneth m day"]
[Black "JAHI"]
[Result "0-1"]
[WhiteCountry "USA"]
[BlackCountry "INT"]
[WhiteElo "1705"]
[WhiteRD "53"]
[BlackElo "2077"]
[BlackRD "59"]
[GameID "397909"]

1. e4 g6 2. d4 Bg7 3. Nc3 d6 4. Be3 e6 5. Qd2 d5 6. Nf3 b6 7. O-O-O Bb7 8. exd5 exd5 9. Re1 Ne7 10. Bg5 f6
11. Bh4 Nd7 12. Bg3 a6 13. Qe3 Rc8 14. Qe6 Nf8 15. Qg4 Kf7 16. h4 Qd7 17. Qf4 Nf5 18. Kb1 Ne6 19. Qg4 Nxg3 20. Qxg3 Qd6
21. Qxd6 cxd6 22. g3 b5 23. Bh3 Rhe8 24. Ne2 Rb8 25. c3 a5 26. Nd2 f5 27. Nf3 b4 28. cxb4 axb4 29. Rd1 Nc5 30. Nc1 Ne4
31. Rhf1 Bh6 32. Nd3 b3 33. a3 Ba6 34. Ng5+ Bxg5 35. hxg5 Bxd3+ 36. Rxd3 Nxf2 37. Rxb3 Nxh3 38. Rxb8 Rxb8 39. g4 Ke6 40. Re1+ Kd7
41. gxf5 gxf5 42. Rf1 Rf8 43. b4 f4 44. Kb2 Nxg5 45. b5 f3 46. a4 f2 47. b6 Kc6 48. a5 Kb7
0-1

[Event "End"]
[Site "SchemingMind.com"]
[Date "2016.04.11"]
[Round "-"]
[White "JAHI"]
[Black "kenneth m day"]
[Result "1-0"]
[WhiteCountry "INT"]
[BlackCountry "USA"]
[WhiteElo "2077"]
[WhiteRD "59"]
[BlackElo "1705"]
[BlackRD "53"]
[GameID "397910"]

1. g3 d5 2. Bg2 c5 3. d3 Nc6 4. e3 Nf6 5. d4 Bf5 6. a3 e6 7. b3 Bd6 8. Bb2 cxd4 9. exd4 O-O 10. Nd2 Rc8
11. Ngf3 Re8 12. Rc1 e5 13. dxe5 Nxe5 14. Nxe5 Bxe5 15. Bxe5 Rxe5+ 16. Kf1 Qb6 17. h3 h6 18. Nf3 Re7 19. Nd4 Bg6 20. Bf3 Rec7
21. Kg2 Be4 22. Re1 Bxf3+ 23. Nxf3 Qc5 24. a4 Rc6 25. Nd4 Rd6 26. Nf5 Rd7 27. Qf3 Kh7 28. Re5 g6 29. Nxh6 Kxh6 30. Qxf6 Rd6
31. Rh5+
1-0

[Event "End"]
[Site "SchemingMind.com"]
[Date "2016.04.10"]
[Round "-"]
[White "JAHI"]
[Black "Wojtek26"]
[Result "1-0"]
[WhiteCountry "INT"]
[BlackCountry "POL"]
[WhiteElo "2113"]
[WhiteRD "56"]
[BlackElo "1571"]
[BlackRD "49"]
[GameID "397911"]

1. g3 e5 2. Bg2 d5 3. d3 Nf6 4. e3 Nc6 5. d4 e4 6. b3 Bg4 7. f3 exf3 8. Bxf3 Bxf3 9. Qxf3 Bb4+ 10. c3 Ba5
11. Ne2 O-O 12. Nf4 Re8 13. b4 Bb6 14. a3 Ne4 15. a4 a5 16. b5 Ne7 17. Nd2 Nxd2 18. Bxd2 Ng6 19. Nxd5 Ba7 20. Rb1 Ne7
21. Nxe7+ Qxe7 22. Qxb7 Qd7 23. Rb2 Reb8 24. Qf3 Rb6 25. Qxa8+
1-0

[Event "End"]
[Site "SchemingMind.com"]
[Date "2016.04.10"]
[Round "-"]
[White "Wojtek26"]
[Black "JAHI"]
[Result "0-1"]
[WhiteCountry "POL"]
[BlackCountry "INT"]
[WhiteElo "1571"]
[WhiteRD "49"]
[BlackElo "2113"]
[BlackRD "56"]
[GameID "397912"]

1. d4 g6 2. e3 Bg7 3. Nf3 f6 4. Bc4 f5 5. O-O e6 6. Nc3 g5 7. Ne5 Nf6 8. f4 gxf4 9. exf4 d6 10. Nf3 c6
11. Re1 d5 12. Bb3 Qe7 13. Ng5 Kd8 14. Bd2 Ne4 15. Ngxe4 fxe4 16. Be3 Nd7 17. a4 Nf6 18. h3 Bf8 19. Ne2 Rg8 20. c4 Qg7
21. g3 Qg6 22. cxd5 exd5 23. Bf2 e3 24. Bxe3 Qe4 25. Nc3 Rxg3+
0-1

[Event "End"]
[Site "SchemingMind.com"]
[Date "2016.04.13"]
[Round "-"]
[White "Kid A"]
[Black "fouche"]
[Result "1-0"]
[WhiteCountry "FIN"]
[BlackCountry "COL"]
[WhiteElo "1851"]
[WhiteRD "71"]
[BlackElo "1586"]
[BlackRD "62"]
[GameID "398044"]

1. e4 e6 2. d4 d5 3. Nc3 Bb4 4. e5 c5 5. a3 Bxc3+ 6. bxc3 Nc6 7. Qg4 Kf8 8. h4 c4 9. Be2 Bd7 10. Nh3 b5
11. Nf4 Nh6 12. Qg3 Nf5 13. Qg5 a5 14. g4 Qxg5 15. hxg5 Nfe7 16. Nh5 Ng6 17. Rb1 Nce7 18. O-O Nh4 19. Kh2 Neg6 20. Kh3 Rb8
21. f4 b4 22. cxb4 axb4 23. axb4 h6 24. gxh6 Rxh6 25. f5 Kg8 26. fxg6 Nxg6 27. Bxh6 gxh6 28. Nf6+
1-0

[Event "End"]
[Site "SchemingMind.com"]
[Date "2016.04.13"]
[Round "-"]
[White "fouche"]
[Black "Kid A"]
[Result "0-1"]
[WhiteCountry "COL"]
[BlackCountry "FIN"]
[WhiteElo "1586"]
[WhiteRD "62"]
[BlackElo "1851"]
[BlackRD "71"]
[GameID "398045"]

1. d4 d5 2. Nf3 Nf6 3. e3 c6 4. Bd3 Bg4 5. O-O e6 6. Nbd2 Be7 7. h3 Bh5 8. Re1 O-O 9. c3 Re8 10. Qc2 Nbd7
11. Ne5 Nxe5 12. dxe5 Nd7 13. f4 h6 14. e4 Nc5 15. f5 Nxd3 16. Qxd3 dxe4 17. Qxe4 exf5 18. Qxf5 Bg6 19. Qf1 Bc5+ 20. Kh1 Qd5
21. Nf3 Rad8 22. Bf4 Bb6 23. b3 Bd3 24. Re2 Qb5 25. c4 Qa5 26. Qe1 Bxe2 27. Qxe2 Bc7 28. Re1 f6 29. h4 fxe5 30. Bxe5 Bxe5
0-1

[Event "End"]
[Site "SchemingMind.com"]
[Date "2016.04.13"]
[Round "-"]
[White "Kid A"]
[Black "emvarela"]
[Result "1-0"]
[WhiteCountry "FIN"]
[BlackCountry "ARG"]
[WhiteElo "1851"]
[WhiteRD "71"]
[BlackElo "1652"]
[BlackRD "47"]
[GameID "398046"]

1. e4 e5 2. Nf3 Nc6 3. Bc4 Bc5 4. O-O Nf6 5. c3 h6 6. d4 exd4 7. cxd4 Bb6 8. Nc3 d6 9. Re1 O-O 10. h3 Re8
11. a4 Na5 12. Ba2 a6 13. b4 Nc6 14. Bf4 Nxb4 15. Bxf7+ Kxf7 16. Qb3+ Be6 17. Qxb4 Qd7 18. e5 Nd5 19. Nxd5 Bxd5 20. exd6 Bxf3
21. Qb3+ Kf8 22. Qxf3 cxd6 23. Bxd6+ Kg8 24. Qb3+
1-0

[Event "End"]
[Site "SchemingMind.com"]
[Date "2016.04.13"]
[Round "-"]
[White "emvarela"]
[Black "Kid A"]
[Result "0-1"]
[WhiteCountry "ARG"]
[BlackCountry "FIN"]
[WhiteElo "1652"]
[WhiteRD "47"]
[BlackElo "1851"]
[BlackRD "71"]
[GameID "398047"]

1. e4 e5 2. Nf3 Nc6 3. Bb5 a6 4. Bxc6 dxc6 5. O-O Bd6 6. h3 Nf6 7. Nc3 O-O 8. d4 exd4 9. Qxd4 c5 10. Qd3 Re8
11. Bg5 h6 12. Bxf6 Qxf6 13. Nd5 Qe6
0-1

[Event "End"]
[Site "SchemingMind.com"]
[Date "2016.04.13"]
[Round "-"]
[White "Kid A"]
[Black "Phillip Beckett"]
[Result "1-0"]
[WhiteCountry "FIN"]
[BlackCountry "ENG"]
[WhiteElo "1848"]
[WhiteRD "75"]
[BlackElo "1549"]
[BlackRD "49"]
[GameID "398048"]

1. e4 e5 2. Nf3 Nc6 3. Bb5 a6 4. Ba4 Nf6 5. O-O Be7 6. Re1 b5 7. Bb3 O-O 8. c3 d5 9. exd5 Nxd5 10. Nxe5 Nxe5
11. Rxe5 Nf6 12. Re1 Bd6 13. h3 Ng4 14. Qf3 Qh4 15. d4 Nxf2 16. Re2 Bb7 17. Qxf2 Bg3 18. Qf5 Rae8 19. Qxf7+ Kh8 20. Rxe8
1-0

[Event "End"]
[Site "SchemingMind.com"]
[Date "2016.04.13"]
[Round "-"]
[White "Phillip Beckett"]
[Black "Kid A"]
[Result "0-1"]
[WhiteCountry "ENG"]
[BlackCountry "FIN"]
[WhiteElo "1549"]
[WhiteRD "49"]
[BlackElo "1848"]
[BlackRD "75"]
[GameID "398049"]

1. d4 d5 2. e3 Bf5 3. Bd3 Qd7 4. f4 g6 5. Nf3 Bg7 6. Ne5 Qc8 7. O-O e6 8. c3 Ne7 9. Qc2 c5 10. Nd2 c4
11. Bxf5 Nxf5 12. Rf3 Nd7 13. e4 Nxe5 14. fxe5 Ne7 15. exd5 Nxd5 16. Ne4 O-O 17. Nf6+ Nxf6 18. exf6 Bh8 19. Bh6 Re8 20. Bg5 Qc6
21. Qf2 Qd5 22. Rh3 Qxg5 23. Rf1 e5 24. Rg3 Qh5 25. Rh3 Qg4 26. Rg3 Qe6 27. dxe5 Qxe5 28. Rh3 h5 29. Qh4 b5 30. Rg3 Re6
31. Rg5 Qe3+ 32. Kh1 Bxf6 33. Rxf6 Rxf6
0-1

[Event "End"]
[Site "SchemingMind.com"]
[Date "2016.04.13"]
[Round "-"]
[White "Kid A"]
[Black "Scooter"]
[Result "1-0"]
[WhiteCountry "FIN"]
[BlackCountry "USA"]
[WhiteElo "1848"]
[WhiteRD "75"]
[BlackElo "1710"]
[BlackRD "48"]
[GameID "398050"]

1. e4 c6 2. d4 d5 3. Nc3 dxe4 4. Nxe4 Bf5 5. Ng3 Bg6 6. Nf3 Nd7 7. h4 h6 8. h5 Bh7 9. Bd3 Bxd3 10. Qxd3 Qc7
11. Bd2 O-O-O 12. Rh4 e6 13. Bf4 Bd6 14. Bxd6 Qxd6 15. O-O-O Ngf6 16. Nd2 Nd5 17. Nc4 Qe7 18. Re4 N7f6 19. Ree1 Nf4 20. Qf3 N6xh5
21. Nxh5
1-0

[Event "End"]
[Site "SchemingMind.com"]
[Date "2016.04.13"]
[Round "-"]
[White "Scooter"]
[Black "Kid A"]
[Result "1-0"]
[WhiteCountry "USA"]
[BlackCountry "FIN"]
[WhiteElo "1761"]
[WhiteRD "49"]
[BlackElo "1851"]
[BlackRD "71"]
[GameID "398051"]

1. d4 d5 2. Nf3 Nf6 3. Bf4 Bg4 4. Nbd2 g6 5. e3 Bg7 6. Be2 O-O 7. h3 Be6 8. O-O Nbd7 9. c4 dxc4 10. Bxc4 Bxc4
11. Nxc4 e6 12. Rc1 Nd5 13. Bg3 c6 14. a3 b5 15. Nce5 Nxe5 16. Nxe5 Bxe5 17. Bxe5 f6 18. Bg3 Rc8 19. Rc5 Qb6 20. Qc2 a5
21. Rc1 f5 22. Rxc6 Rxc6 23. Qxc6 Qxc6 24. Rxc6 Kf7 25. Rc5 b4 26. Rxa5 Rc8 27. axb4 Rc2 28. Ra7+ Kg8 29. Be5 Rxb2 30. Rg7+ Kf8
31. Rxh7 Rxb4 32. Bd6+
1-0

[Event "End"]
[Site "SchemingMind.com"]
[Date "2016.04.13"]
[Round "-"]
[White "Kid A"]
[Black "kenneth m day"]
[Result "0-1"]
[WhiteCountry "FIN"]
[BlackCountry "USA"]
[WhiteElo "1851"]
[WhiteRD "71"]
[BlackElo "1716"]
[BlackRD "52"]
[GameID "398052"]

1. e4 e5 2. Nf3 Nc6 3. Bb5 f5 4. Nc3 fxe4 5. Nxe4 Nf6 6. Qe2 d5 7. Nxf6+ Qxf6 8. Nxe5 Be7 9. d4 O-O 10. Bxc6 bxc6
11. c3 Bd6 12. O-O a5 13. Nxc6 Ba6
0-1

[Event "End"]
[Site "SchemingMind.com"]
[Date "2016.04.14"]
[Round "-"]
[White "kenneth m day"]
[Black "Kid A"]
[Result "1-0"]
[WhiteCountry "USA"]
[BlackCountry "FIN"]
[WhiteElo "1705"]
[WhiteRD "53"]
[BlackElo "1838"]
[BlackRD "74"]
[GameID "398053"]

1. e4 e5 2. f4 d5 3. exd5 e4 4. d3 Nf6 5. dxe4 Nxe4 6. Nf3 Bc5 7. Qe2 Qe7 8. Be3 Bxe3 9. Qxe3 O-O 10. Nc3 Qb4
11. O-O-O Nxc3 12. Qxc3 Qxc3 13. bxc3 Bg4 14. Be2 Nd7 15. h3 Bf5 16. Bd3 Bxd3 17. cxd3 Nc5 18. c4 f6 19. Nd4 Rfe8 20. Kc2 Rad8
21. Rhe1 Kf7 22. Nb3 Nxb3 23. axb3 f5 24. Re5 Re7 25. Rxf5+ Kg6 26. g4 Rde8 27. d4 Re3 28. Rd3 Re1 29. Re5
1-0

[Event "End"]
[Site "SchemingMind.com"]
[Date "2016.04.14"]
[Round "-"]
[White "Kid A"]
[Black "JAHI"]
[Result "0-1"]
[WhiteCountry "FIN"]
[BlackCountry "INT"]
[WhiteElo "1838"]
[WhiteRD "74"]
[BlackElo "2077"]
[BlackRD "59"]
[GameID "398054"]

1. e4 e6 2. d4 d6 3. a4 d5 4. Bb5+ c6 5. Be2 c5 6. Bb5+ Nc6 7. exd5 exd5 8. Qe2+ Be6 9. Nf3 Bd6 10. Ng5 Qe7
11. Nxe6 fxe6 12. Be3 cxd4 13. Bxd4 Nh6 14. Qh5+ Qf7 15. Qxf7+ Kxf7 16. Be3 Nf5 17. O-O Nxe3 18. fxe3+ Ke7 19. Nc3 Nb4 20. Rf2 Rhf8
21. Raf1 Rxf2 22. Rxf2 Rc8 23. Bd3 Bc5 24. Rf3 Nxd3 25. cxd3 Bb4 26. Nb5 a6 27. Nd4 Rc1+ 28. Rf1 Bd2 29. Rxc1 Bxe3+ 30. Kf1 Bxc1
31. b3 g6 32. Ke2 e5 33. Nf3 Kd6 34. d4 e4 35. Nd2 Bxd2 36. Kxd2 Ke6 37. g4 a5 38. Ke3 Kf6 39. h4 h6 40. Kf4 Kf7
41. Ke3 h5
0-1

[Event "End"]
[Site "SchemingMind.com"]
[Date "2016.04.15"]
[Round "-"]
[White "JAHI"]
[Black "Kid A"]
[Result "1-0"]
[WhiteCountry "INT"]
[BlackCountry "FIN"]
[WhiteElo "2074"]
[WhiteRD "58"]
[BlackElo "1851"]
[BlackRD "71"]
[GameID "398055"]

1. e3 d5 2. d3 h5 3. d4 f6 4. c3 Bf5 5. c4 Bg6 6. Nc3 c6 7. Bd3 Bf7 8. b3 Qa5 9. Bd2 Qd8 10. Qc2 e6
11. a3 Nd7 12. Nge2 Ne7 13. f3 g5 14. b4 Bh6 15. Rd1 a5 16. cxd5 Nxd5 17. bxa5 Qxa5 18. Nxd5 Qxd5 19. Rb1 Rb8 20. Bc4 Qf5
21. Qa2 b5 22. Ng3 Qh7 23. Ne4 O-O 24. Bxe6 Nb6 25. Nxf6+
1-0

[Event "End"]
[Site "SchemingMind.com"]
[Date "2016.04.13"]
[Round "-"]
[White "Kid A"]
[Black "Wojtek26"]
[Result "1-0"]
[WhiteCountry "FIN"]
[BlackCountry "POL"]
[WhiteElo "1848"]
[WhiteRD "75"]
[BlackElo "1547"]
[BlackRD "48"]
[GameID "398056"]

1. e4 e5 2. f4 d6 3. Nf3 Nf6 4. Nc3 exf4 5. d4 Be7 6. Bxf4 O-O 7. Bc4 Bg4 8. O-O Nc6 9. Qd3 Re8 10. Bxf7+ Kxf7
11. Qc4+ Kf8 12. Ng5 Bh5 13. Ne6+
1-0

[Event "End"]
[Site "SchemingMind.com"]
[Date "2016.04.13"]
[Round "-"]
[White "Wojtek26"]
[Black "Kid A"]
[Result "0-1"]
[WhiteCountry "POL"]
[BlackCountry "FIN"]
[WhiteElo "1547"]
[WhiteRD "48"]
[BlackElo "1848"]
[BlackRD "75"]
[GameID "398057"]

1. d4 f5 2. Bg5 d5 3. e3 Nf6 4. Nf3 Nbd7 5. Nc3 c6 6. Bd3 Ne4 7. O-O Ndf6 8. Ne5 Nxg5 9. Nxd5 Qxd5 10. c4 Qe6
11. Qb3 Nge4 12. Bxe4 Nxe4 13. Rad1 g6 14. f3 Nd6 15. Qc3 Bg7 16. f4 Ne4 17. Qb3 O-O 18. Nd3 Nd6 19. Nc5 Qxc4 20. Qxc4+ Nxc4
21. b3 Nxe3 22. Rde1 Nxf1 23. Rxf1 Bxd4+
0-1

[Event "End"]
[Site "SchemingMind.com"]
[Date "2016.04.22"]
[Round "-"]
[White "Kid A"]
[Black "Stephen Woodhouse"]
[Result "1/2-1/2"]
[WhiteCountry "FIN"]
[BlackCountry "ENG"]
[WhiteElo "1848"]
[WhiteRD "75"]
[BlackElo "1842"]
[BlackRD "51"]
[GameID "398398"]

1. e4 d5 2. exd5 Qxd5 3. Nc3 Qd6 4. d4 Nf6 5. Nf3 c6 6. Bc4 Bg4 7. Be3 Nbd7 8. h3 Bxf3 9. Qxf3 Nb6 10. Bd3 Nbd5
11. Nxd5 Nxd5 12. Bd2 Qe6+ 13. Qe4 Qxe4+ 14. Bxe4 O-O-O 15. O-O-O Nf6 16. Bf3 Rxd4 17. Be3 Rxd1+ 18. Rxd1 e6 19. Bxa7 Be7 20. Bb6 Nd5
21. Bd4 Bf6 22. Bxf6=
1/2-1/2

[Event "End"]
[Site "SchemingMind.com"]
[Date "2016.04.22"]
[Round "-"]
[White "Stephen Woodhouse"]
[Black "Kid A"]
[Result "0-1"]
[WhiteCountry "ENG"]
[BlackCountry "FIN"]
[WhiteElo "1831"]
[WhiteRD "52"]
[BlackElo "1853"]
[BlackRD "78"]
[GameID "398399"]

1. e4 e5 2. Nf3 Nc6 3. d4 exd4 4. Nxd4 Nf6 5. Nc3 d6 6. Nxc6 bxc6 7. Bd3 Be7 8. O-O Rb8 9. b3 h6 10. Qe2 O-O
11. Be3 c5 12. Rad1 Re8 13. e5 Ng4 14. exd6 Bxd6 15. h3 Nxe3 16. fxe3 Qg5 17. Ne4 Qe5 18. Nxd6 cxd6 19. Rf3 Bb7 20. e4 Bxe4
21. Bxe4 d5 22. Qf2 dxe4 23. Rxf7 e3 24. Qf4 e2 25. Re1 Qc3 26. Kf2 Rf8 27. Kxe2 Rbe8+
0-1

[Event "End"]
[Site "SchemingMind.com"]
[Date "2016.04.26"]
[Round "-"]
[White "fouche"]
[Black "Stephen Woodhouse"]
[Result "0-1"]
[WhiteCountry "COL"]
[BlackCountry "ENG"]
[WhiteElo "1586"]
[WhiteRD "62"]
[BlackElo "1849"]
[BlackRD "52"]
[GameID "398400"]

1. e4 d5 2. exd5 Qxd5 3. d4 c6 4. c4 Qd6 5. Nc3 Nf6 6. Nf3 Bg4 7. Be2 Nbd7 8. O-O O-O-O 9. h3 Bh5 10. Bg5 h6
11. Bh4 e5 12. dxe5 Nxe5 13. Nxe5 Qxe5 14. Qc2 Bxe2 15. Nxe2 Bb4 16. Nc3 Bxc3 17. bxc3 Rde8 18. a4 Ne4 19. Rfe1 Qxc3 20. Qxc3 Nxc3
21. Rxe8+ Rxe8 22. a5 Re4 23. Bg3 Ne2+ 24. Kh2 Nxg3 25. Kxg3 Rxc4 26. Re1 Rd4 27. Re7 Rd7 28. Re8+ Kc7 29. Rg8 f6 30. Ra8 a6
31. Re8 c5 32. Re4 Kc6 33. h4 Kb5
0-1

[Event "End"]
[Site "SchemingMind.com"]
[Date "2016.04.26"]
[Round "-"]
[White "Stephen Woodhouse"]
[Black "fouche"]
[Result "1-0"]
[WhiteCountry "ENG"]
[BlackCountry "COL"]
[WhiteElo "1849"]
[WhiteRD "52"]
[BlackElo "1586"]
[BlackRD "62"]
[GameID "398401"]

1. e4 c6 2. d4 d5 3. exd5 cxd5 4. c4 Nf6 5. Nc3 e6 6. Nf3 Bb4 7. cxd5 exd5 8. Bd3 O-O 9. O-O h6 10. Bf4 Nc6
11. Rc1 Bg4 12. Bb1 Ne4 13. Qd3 Bxc3 14. bxc3 Re8 15. Ne5 Nxe5 16. Bxe5 Bf5 17. Qb5 b6 18. f3 Nd6 19. Qxd5 Bxb1 20. Rxb1 Nf5
21. Qxd8 Raxd8 22. Rfe1 f6 23. Bf4 Kf7 24. Kf2 g5 25. Bd2 h5 26. Rxe8 Rxe8 27. Re1 Rxe1 28. Bxe1 Ke6 29. Ke2 Kd5 30. Kd3 b5
31. Bf2 a5 32. g4 hxg4 33. fxg4 Nd6 34. h4 gxh4 35. Bxh4 Ne4 36. a4 Ng5 37. Bxg5 fxg5 38. axb5 a4 39. c4+
1-0